LIBRARY & INFORMATION CENTRE, KCAET, TAVANUR

ONLINE PUBLIC ACCESS CATALOGUE (OPAC)

Student`s introduction to sewage works design / (Record no. 8809)

MARC details
000 -LEADER
fixed length control field 00418cam a2200157ua 4500
041 ## - LANGUAGE CODE
Language code of text/sound track or separate title eng
082 ## - DEWEY DECIMAL CLASSIFICATION NUMBER
Classification number 628.3
Item number BAT/ST
100 ## - MAIN ENTRY--AUTHOR NAME
Personal name Bateson, T.C.H .
245 ## - TITLE STATEMENT
Title Student`s introduction to sewage works design /
260 ## - PUBLICATION, DISTRIBUTION, ETC. (IMPRINT)
Place of publication London :
Name of publisher Sir Isaac Pitman & Sons Ltd ,
Year of publication 1958.
300 ## - PHYSICAL DESCRIPTION
Number of Pages 144 ; .
942 ## - ADDED ENTRY ELEMENTS (KOHA)
Koha item type Books
Holdings
Withdrawn status Lost status Damaged status Home library Current library Date acquired Full call number Accession Number Koha item type
      KAUAET KAUAET 07/04/2012 628.3 3700 Books
      KAUAET KAUAET 07/04/2012 628.3 6019 Books
free website counter